Grands domaines et notions clés de la sociologie (notice n° 1568712)
[ vue normale ]
| 000 -LEADER | |
|---|---|
| fixed length control field | 01092cam a2200133 4500500 |
| 005 - DATE AND TIME OF LATEST TRANSACTION | |
| control field | 20251214005216.0 |
| 041 ## - LANGUAGE CODE | |
| Language code of text/sound track or separate title | fre |
| 042 ## - AUTHENTICATION CODE | |
| Authentication code | dc |
| 100 10 - MAIN ENTRY--PERSONAL NAME | |
| Personal name | Ferréol, Gilles |
| Relator term | author |
| 245 00 - TITLE STATEMENT | |
| Title | Grands domaines et notions clés de la sociologie |
| 260 ## - PUBLICATION, DISTRIBUTION, ETC. | |
| Name of publisher, distributor, etc. | Armand Colin,<br/> |
| Date of publication, distribution, etc. | 2010.<br/> |
| 520 ## - SUMMARY, ETC. | |
| Summary, etc. | Ce manuel de base s’ouvre par une présentation générale des objets et méthodes de la sociologie. Puis chacun des grands domaines de celle-ci fait l’objet d’une présentation structurée en trois temps : une synthèse pour expliquer l’essentiel et orienter l’étudiant vers une lecture critique des œuvres ; une bibliographie raisonnée ; des extraits de textes. L’objectif du livre est de présenter à l’étudiant les savoirs qu’il doit maitriser au niveau licence et, d’autre part, de lui suggérer des pistes d’approfondissement et d’enrichissement lui permettant d’aller plus loin et de construire sa progression. |
| 856 41 - ELECTRONIC LOCATION AND ACCESS | |
| Uniform Resource Identifier | <a href="https://shs.cairn.info/grands-domaines-et-notions-cles-de-la-sociologie--9782200354602?lang=fr&redirect-ssocas=7080">https://shs.cairn.info/grands-domaines-et-notions-cles-de-la-sociologie--9782200354602?lang=fr&redirect-ssocas=7080</a> |
Pas d'exemplaire disponible.




Réseaux sociaux